000 00374nam a2200169Ia 4500
003 0STCL
008 150530s9999 xx 000 0 und d
040 _aSTCL
_cSTCL
100 _aGerald Meir, M.; Robert Baldwin, E.
245 _aDevelopment
250 _aFirst
260 _c1966
546 _aEnglish
942 _2ddc
_cBK
999 _c12868
_d12868
005 20220125165632.0